[Event "Mumbai Wealth op U13"]
[Site "Mumbai"]
[Date "2016.02.04"]
[Round "8"]
[White "Aryan, Khurana"]
[Black "Gada, Vaarin"]
[Result "0-1"]
[WhiteElo "1132"]
[BlackElo "1223"]
[PlyCount "72"]
[EventDate "2016.01.28"]
[EventType "swiss"]
[EventRounds "9"]
[EventCountry "IND"]
[SourceTitle "CBM 170 Extra"]
[Source "ChessBase"]
[SourceDate "2016.02.25"]
[SourceVersion "1"]
[SourceVersionDate "2016.02.25"]
[SourceQuality "1"]

1. d4 Nf6 2. Bg5 e6 3. e4 h6 4. Bh4 d6 5. Nc3 Nc6 6. Bb5 g5 7. Bg3 a6 8. Ba4 b5 9. Bb3 Bg7 10. Nf3 Bb7 11. h3 Na5 12. 0-0 Nxb3 13. axb3 Nxe4 14. Nxe4 Bxe4 15. Nd2 Bg6 16. Qf3 0-0 17. Qg4 h5 18. Qe2 Bxd4 19. Kh1 Bxb2 20. Rae1 Bc3 21. f4 Bf6 22. fxg5 Bxg5 23. Rf2 Bh4 24. Bxh4 Qxh4 25. Nf3 Qb4 26. Ng5 Qc5 27. Nf3 a5 28. Nh4 e5 29. Nxg6 fxg6 30. Rxf8+ Rxf8 31. Qe4 Kg7 32. g4 Qd4 33. Qxd4 exd4 34. gxh5 gxh5 35. Re7+ Rf7 36. Re4 c5 0-1